Theme Park by Roller Coaster - Picture - Statistics

General Stats
  • This quiz has been taken 89 times
  • The average score is 6 of 8
Answer Stats
Picture Answer % Correct
Cedar Point
98%
Carowinds
84%
Great Adventure
79%
Hersheypark
79%
Kings Island
77%
Magic Mountain
77%
Silver Dollar City
63%
Canadas Wonderland
60%
No matching quizzes found
Score Distribution
Percent of People with Each Score
Percentile by Number Answered
Your Score History
You have not taken this quiz